| 000 | 00606nam a22002177a 4500 | ||
|---|---|---|---|
| 003 | OSt | ||
| 005 | 20220107122718.0 | ||
| 008 | 130731b xxu||||| |||| 00| 0 eng d | ||
| 020 | _a9781882982486 | ||
| 040 | _cIIITM-K | ||
| 082 | _a378 WIL/A | ||
| 100 |
_aWilms, Wellford W _91301 |
||
| 245 |
_aAwakening the academy: _bA time for new leadership _cby Wellford W Wilms, Deone M Zell |
||
| 260 |
_aU.S.A, _bAnker, _c2002. |
||
| 300 | _axii, 251p. | ||
| 650 |
_aMANAGEMENT _91302 |
||
| 650 |
_aPERSONNEL MANAGEMENT _91303 |
||
| 650 |
_aLEADERSHIP _91304 |
||
| 700 |
_aZell, Deone M _91305 |
||
| 942 |
_2ddc _cBK |
||
| 999 |
_c3135 _d3135 |
||